• 首页
  • 本馆介绍
  • 公告通知
  • 最新文献
  • 馆藏检索
  • 电子资源
  • 读者导购
  • 参考咨询
  • 我的图书馆
  • 登录
  • 详细信息显示
  • 放入我的书架
  • 预约/预借图书
  • 作者相关作品
  • 分类相关作品
  • 丛书相关作品
  • 出版社相关作品

书目信息

  • 表格格式
  • 工作单格式
  • 卡片格式
题名:
临床细菌学实验室操作指南
    
 
作者: 世界卫生组织 编 ;于岩岩 主译
分册:  
出版信息: 北京   人民卫生出版社  2006
页数: 116
开本: 29cm
丛书名:
单 册:
中图分类: R446.5-52
科图分类:
主题词: 诊断学
电子资源:
ISBN: 7-117-07538-4
000 00690nam0 2200205 450
001 0741144344
005 20070817112544.34
010    @a7-117-07538-4@d¥20.00
100    @a20070817d km y0chiy0120 ea
101 0  @achi
200 1  @a临床细菌学实验室操作指南@Alin chuang xi jun xue shi yan shi cao zuo zhi nan@f世界卫生组织编@Fshi jie wei sheng zu zhi bian@g于岩岩等主译@Gyu yan yan deng zhu yi
205    @a2版
210    @a北京@c人民卫生出版社@d2006
215    @a116@c插图@d29cm
606 0  @a诊断学
690    @aR446.5-52@v3
701  0 @a世界卫生组织@Ashi jie wei sheng zu zhi@4编
702  0 @a于岩岩@Ayu yan yan@4主译
801  0 @aCN@bPFT@c20070817
905    @a213230@dR446.5-52@en1@f1
    
    临床细菌学实验室操作指南/世界卫生组织编/于岩岩等主译.-2版.-北京:人民卫生出版社,2006
    116:插图;29cm
    
    
    ISBN 7-117-07538-4:¥20.00
    
●
相关链接 在E读中查询图书 在五车中查询图书 在当当中查询图书 在豆瓣中查询图书


正题名:临床细菌学实验室操作指南     索取号:R446.5-52/n1         预约/预借

序号 登录号 条形码 馆藏地/架位号 状态 备注
1 6601324   266013244   密集书库-生命科学系/ [索取号:R446.5-52/n1] 在馆    
唐山师范学院图书馆 欢迎您!
大连网信软件有限公司© 版权所有